Правовые основы гражданской защиты: электронный курс

Detaylı Bibliyografya
Yazar: Бородин Ю. В. Юрий Викторович
Müşterek Yazar: Национальный исследовательский Томский политехнический университет Инженерная школа неразрушающего контроля и безопасности Отделение контроля и диагностики
Özet:Заглавие с экрана
Цели: Формирование у студентов навыков работы с современными информационными средствами для использования актуального законодательного и нормативного обеспечения деятельности в области ГО ЧС. Формирование навыков по организации персонала по обеспечению безопасности в сфере техносферной безопасностиФормирование навыков прогнозирования аварий и катастроф
Доступ по логину и паролю
Dil:Rusça
Baskı/Yayın Bilgisi: Томск, TPU Moodle, 2018
Konular:
Online Erişim:http://design.lms.tpu.ru/course/view.php?id=2514
Materyal Türü: MixedMaterials Elektronik Kitap
KOHA link:https://koha.lib.tpu.ru/cgi-bin/koha/opac-detail.pl?biblionumber=658464

MARC

LEADER 00000nlm0a2200000 4500
001 658464
005 20240123115359.0
035 |a (RuTPU)RU\TPU\network\26357 
090 |a 658464 
100 |a 20181017d2018 m y0rusy50 ca 
101 0 |a rus 
102 |a RU 
105 |a a j 000zy 
135 |a jrcn ---uucaa 
181 0 |a i  
182 0 |a b 
200 1 |a Правовые основы гражданской защиты  |e электронный курс  |f Ю. В. Бородин  |g Национальный исследовательский Томский политехнический университет, Инженерная школа неразрушающего контроля и безопасности, Отделение контроля и диагностики 
203 |a Текст  |c электронный 
210 |a Томск  |c TPU Moodle  |d 2018 
300 |a Заглавие с экрана 
330 |a Цели: Формирование у студентов навыков работы с современными информационными средствами для использования актуального законодательного и нормативного обеспечения деятельности в области ГО ЧС. Формирование навыков по организации персонала по обеспечению безопасности в сфере техносферной безопасностиФормирование навыков прогнозирования аварий и катастроф 
333 |a Доступ по логину и паролю 
606 1 |a Гражданская оборона (ГО)  |2 stltpush  |3 (RuTPU)RU\TPU\subj\8471  |9 35877 
610 1 |a электронный ресурс 
610 1 |a труды учёных ТПУ 
610 1 |a электронные учебные пособия 
610 1 |a учебные пособия 
610 1 |a Moodle 
610 1 |a e-learning 
610 1 |a правовые основы 
610 1 |a безопасность 
610 1 |a гражданская защита 
610 1 |a чрезвычайные ситуации 
610 1 |a защита 
610 1 |a ответственность 
610 1 |a государственная экспертиза 
686 |a Ц69  |2 rubbk 
700 1 |a Бородин  |b Ю. В.  |c химик-технолог  |c доцент Томского политехнического университета, кандидат технических наук  |f 1958-  |g Юрий Викторович  |3 (RuTPU)RU\TPU\pers\26181  |9 11990 
712 0 2 |a Национальный исследовательский Томский политехнический университет  |b Инженерная школа неразрушающего контроля и безопасности  |b Отделение контроля и диагностики  |3 (RuTPU)RU\TPU\col\23584 
801 2 |a RU  |b 63413507  |c 20181227  |g RCR 
856 4 |u http://design.lms.tpu.ru/course/view.php?id=2514 
942 |c CF